|
|
|
|
| LEADER |
00952nam a2200241 a 4500 |
| 001 |
2719053 |
| 008 |
091015r19891975ii b 001 0 eng d |
| 020 |
|
|
|a 0861250745
|
| 020 |
|
|
|c Rs40.00
|
| 010 |
|
|
|a 76900437
|
| 040 |
|
|
|a DLC
|c DLC
|d DLC
|
| 082 |
0 |
0 |
|a 823/.9/12
|2 20
|
| 245 |
0 |
0 |
|a Focus on Forster's A passage to India :
|b Indian essays in criticism /
|c edited by V. A. Shahane.
|
| 260 |
|
|
|a Bombay :
|b Orient Longman,
|c 1975.
|
| 300 |
|
|
|a xix, 137 p. ;
|c 22 cm.
|
| 504 |
|
|
|a Includes bibliographical references and index.
|
| 541 |
1 |
|
|e 00019427
|
| 600 |
1 |
0 |
|a Forster, E. M.
|q (Edward Morgan),
|d 1879-1970.
|t Passage to India.
|
| 651 |
|
0 |
|a India
|x In literature.
|
| 700 |
1 |
|
|a Shahane, Vasant Anant,
|d 1923-
|
| 852 |
4 |
|
|a Ayesha Abed Library
|j General shelf
|
| 999 |
|
|
|c 4659
|d 4659
|
| 952 |
|
|
|0 0
|1 0
|2 ddc
|4 0
|6 823_912000000000000_FOC
|7 0
|9 4445
|a ENH
|b ENH
|d 2009-10-13
|e High Commisiion of India
|l 1
|o 823.912 FOC
|p 3010019427
|r 2014-05-14
|s 2013-02-18
|t 1
|w 2009-10-18
|y BK
|